| 000 | 00675cam a2200265 4500 | ||
|---|---|---|---|
| 008 | 090401t1991 xxu||||| |||| 00| 0 eng d | ||
| 020 | _a0632029528 | ||
| 035 | _a(Sirsi) u7114 | ||
| 041 | _aeng | ||
| 050 | _a624.05 | ||
| 100 | _aMcCaffer, R. | ||
| 245 | _aEstimating and tendering for civil engineering works. | ||
| 250 | _a2nd ed. | ||
| 260 |
_aOxford _bBSP Professional Books _c1991 |
||
| 300 | _avi,330p. ; 24cm. | ||
| 350 | _a25 | ||
| 650 | _aBILLS OF QUANTITIES | ||
| 650 | _aCIVIL ENGINEERING | ||
| 650 | _aESTIMATING | ||
| 650 | _aTENDERING | ||
| 690 |
_aQuantity surveying _96263 |
||
| 700 | _aBaldwin, A.N. | ||
| 942 | _n0 | ||
| 948 | _c04/03/1997 | ||
| 999 |
_c86392 _d86392 |
||